|
|
|
|
| LEADER |
00000nam0a2200000 4500 |
| 001 |
358100 |
| 005 |
20231102011047.0 |
| 035 |
|
|
|a (RuTPU)RU\TPU\retro\15368
|
| 090 |
|
|
|a 358100
|
| 100 |
|
|
|a 20200812d1911 m y0rusy50 ca
|
| 101 |
0 |
|
|a rus
|
| 102 |
|
|
|a RU
|
| 105 |
|
|
|a a z 001zy
|
| 200 |
1 |
|
|a К вопросу о структуре и росте трубчатых сталактитов с 8 рисунками в тексте и таблицами X, XI, и XII
|e отдельный оттиск
|f А. Н. Чураков
|
| 210 |
|
|
|a Санкт-Петербург
|c Типография М. Меркушева
|d 1911
|
| 215 |
|
|
|a 35 с.
|c ил.
|
| 225 |
1 |
|
|a Труды Императорского Санкт-Петербургского общества естествоиспытателей
|v Т. 35, Вып. 5
|
| 300 |
|
|
|a Текст в русской дореформенной орфографии
|
| 300 |
|
|
|a Печатано по распоряжению Императорского С.-Петербургского Общества Естествоиспытателей
|
| 316 |
|
|
|5 63413507: 263//443
|a На обложке дарственная надпись: "Многоуважаемому Аркадию Валериановичу Лаврскому от автора"
|
| 316 |
|
|
|5 63413507: 263//443
|a Экземпляр не разрезан
|
| 317 |
|
|
|5 63413507: 263//443
|a Поступил в НТБ в 1945 г. в составе книжного собрания профессора ТПИ А. В. Лаврского
|
| 320 |
|
|
|a Библиография в ссылках
|
| 606 |
1 |
|
|a Сталактиты
|2 stltpush
|3 (RuTPU)RU\TPU\subj\80380
|9 88105
|
| 610 |
1 |
|
|a трубчатые сталактиты
|
| 610 |
1 |
|
|a структура
|
| 610 |
1 |
|
|a рост
|
| 610 |
1 |
|
|a условия образования
|
| 610 |
1 |
|
|a оттиски
|
| 610 |
1 |
|
|a Коллекция А. В. Лаврского
|
| 610 |
1 |
|
|a дарственные надписи
|
| 610 |
1 |
|
|a дары автора
|
| 675 |
|
|
|a 551.435.8
|v 4
|
| 700 |
|
1 |
|a Чураков
|b А. Н.
|c геолог
|c доктор геологических наук
|f 1887-1954
|g Александр Николаевич
|2 stltpush
|3 (RuTPU)RU\TPU\pers\42281
|9 21511
|
| 801 |
|
1 |
|a RU
|b 63413507
|c 20200812
|
| 801 |
|
2 |
|a RU
|b 63413507
|c 20211123
|g RCR
|
| 942 |
|
|
|c BK
|